000 00648nam a2200205Ia 4500
003 GCL
008 140319s9999 xx 000 0 ara d
040 _aGCL /
_cGCL
082 0 4 _a810.99
_bات
100 1 _aابراهيم على خشبه
245 1 0 _aتاريخ الادب العربى فى العصر الحاضر /
_cابراهيم على خشبه
260 _a[S.N] :
_bالهيئة المصرية العامة للكتاب ،
_c1992
300 _a418 ص
490 _a
650 0 4 _aالادب العربى
650 0 4 _aالعصر الحديث
650 0 4 _aتاريخ ونقد
650 0 4 _aالمجموعات
942 _2ddc
_cBK
999 _c27865
_d27865